<?xml version="1.0" encoding="UTF-8"?><?xml-stylesheet type="text/xsl" href="static/style.xsl"?><OAI-PMH xmlns="http://www.openarchives.org/OAI/2.0/" xmlns:xsi="http://www.w3.org/2001/XMLSchema-instance" xsi:schemaLocation="http://www.openarchives.org/OAI/2.0/ http://www.openarchives.org/OAI/2.0/OAI-PMH.xsd"><responseDate>2026-05-14T16:28:51Z</responseDate><request verb="GetRecord" identifier="oai:riubu.ubu.es:10259/11613" metadataPrefix="marc">https://riubu.ubu.es/oai/request</request><GetRecord><record><header><identifier>oai:riubu.ubu.es:10259/11613</identifier><datestamp>2026-05-14T00:05:39Z</datestamp><setSpec>com_10259_9735</setSpec><setSpec>com_10259_5086</setSpec><setSpec>com_10259_2604</setSpec><setSpec>col_10259_10182</setSpec></header><metadata><record xmlns="http://www.loc.gov/MARC21/slim" xmlns:doc="http://www.lyncode.com/xoai" xmlns:xsi="http://www.w3.org/2001/XMLSchema-instance" xmlns:dcterms="http://purl.org/dc/terms/" xsi:schemaLocation="http://www.loc.gov/MARC21/slim http://www.loc.gov/standards/marcxml/schema/MARC21slim.xsd">
<leader>00925njm 22002777a 4500</leader>
<datafield tag="042" ind1=" " ind2=" ">
<subfield code="a">dc</subfield>
</datafield>
<datafield tag="720" ind1=" " ind2=" ">
<subfield code="a">Antunes, Ana Cristina dos Santos</subfield>
<subfield code="e">author</subfield>
</datafield>
<datafield tag="720" ind1=" " ind2=" ">
<subfield code="a">Santamaría Peláez, Mirian</subfield>
<subfield code="e">author</subfield>
</datafield>
<datafield tag="720" ind1=" " ind2=" ">
<subfield code="a">Alcalá-Cerrillo, María</subfield>
<subfield code="e">author</subfield>
</datafield>
<datafield tag="720" ind1=" " ind2=" ">
<subfield code="a">Gentil Gutiérrez, Ana Amparo</subfield>
<subfield code="e">author</subfield>
</datafield>
<datafield tag="720" ind1=" " ind2=" ">
<subfield code="a">Vélez Santamaría, Rodrigo</subfield>
<subfield code="e">author</subfield>
</datafield>
<datafield tag="260" ind1=" " ind2=" ">
<subfield code="c">2026-03</subfield>
</datafield>
<datafield tag="520" ind1=" " ind2=" ">
<subfield code="a">Purpose:&#xd;
HAND-Q Life Impact Scale assesses how hand conditions affect quality of life, and it has not yet been translated nor validated for the Portuguese population. The aim is to translate, culturally and linguistically adapt, and pilot validate the HAND-Q Life Impact Scale for the Portuguese population.&#xd;
&#xd;
Materials and methods:&#xd;
Multicenter study involving translation, cultural and linguistic adaptation following International Society for Pharmacoeconomics and Outcomes Research guidelines (ISPOR) and pilot psychometric properties testing, at Physiatry and Occupational Therapy departments in rehabilitation centers in Portugal. 15 patients with hand conditions for cognitive interviews, 7 experts reviewed the scale, and 30 patients for pilot validation study.&#xd;
&#xd;
Results:&#xd;
The HAND-Q Life Impact Scale demonstrated excellent internal consistency (α = 0.891) with most items showing good item-total and inter-item correlations. A good degree of agreement was obtained among the experts. Significant correlations with upper limb disability and health related quality of life supported its validity.&#xd;
&#xd;
Conclusion:&#xd;
The Portuguese version of the HAND-Q Life Impact Scale appears to be reliable and valid for assessing the impact of hand conditions on quality of life, but further studies should confirm the findings. This research introduces the first validated Portuguese version of the HAND-Q Life Impact Scale.</subfield>
</datafield>
<datafield tag="024" ind2=" " ind1="8">
<subfield code="a">0963-8288</subfield>
</datafield>
<datafield tag="024" ind2=" " ind1="8">
<subfield code="a">https://hdl.handle.net/10259/11613</subfield>
</datafield>
<datafield tag="024" ind2=" " ind1="8">
<subfield code="a">10.1080/09638288.2026.2637189</subfield>
</datafield>
<datafield tag="024" ind2=" " ind1="8">
<subfield code="a">1464-5165</subfield>
</datafield>
<datafield ind1=" " ind2=" " tag="653">
<subfield code="a">HAND-Q</subfield>
</datafield>
<datafield ind1=" " ind2=" " tag="653">
<subfield code="a">Life impact</subfield>
</datafield>
<datafield ind1=" " ind2=" " tag="653">
<subfield code="a">Quality of life</subfield>
</datafield>
<datafield ind1=" " ind2=" " tag="653">
<subfield code="a">Hand conditions</subfield>
</datafield>
<datafield ind1=" " ind2=" " tag="653">
<subfield code="a">Translation</subfield>
</datafield>
<datafield ind1=" " ind2=" " tag="653">
<subfield code="a">Cultural adaptation</subfield>
</datafield>
<datafield ind1=" " ind2=" " tag="653">
<subfield code="a">Validation</subfield>
</datafield>
<datafield tag="245" ind1="0" ind2="0">
<subfield code="a">Portuguese translation, cultural adaptation and pilot validation of HAND-Q Life Impact Scale</subfield>
</datafield>
</record></metadata></record></GetRecord></OAI-PMH>